Statistics for Symphony - Clean Bandit ft. Zara Larsson (All Lyrics)

Click here to take the quiz!

General Stats

  • This quiz has been taken 495 times
    (486 since last reset)
  • The average score is 246 of 298

Answer Stats

Lyrics% Correct
A
98%
a
98%
I
98%
I'd
98%
you.
98%
you
98%
Symphony.
97%
symphony.
97%
be
96%
And
95%
and
95%
me
95%
me.
95%
go?
93%
your
93%
let
91%
of
91%
So
90%
the
90%
just
89%
on
89%
part
89%
is
87%
to
86%
wanna
86%
hold
85%
song
83%
when
83%
for
82%
tight
82%
all
81%
I've
81%
Now
81%
now
81%
been
80%
I'm
80%
radio.
80%
silence.
80%
want
80%
was
80%
Was
80%
heard
79%
if
79%
not
78%
Before
77%
heartbeat.
77%
repeat.
77%
you're
77%
dancin'
76%
hearing
76%
feel
75%
gone,
75%
every
74%
Every
74%
symphonies.
74%
truth.
72%
Will
72%
incomplete.
71%
melody
70%
rhapsody
70%
love
69%
Like
66%
my
66%
timeless.
66%
Life
62%
own.
60%
Then
60%
can't
59%
loose.
59%
along.
58%
here,
58%
without
58%
came
55%
find
55%
cut
54%
it's
54%
singing
54%
too
54%
this
53%
day
52%
much.
51%
never
51%
sorry
51%
healing.
50%
stringing
50%
key
48%
out
48%
feeling.
47%
solo
46%
'Cause
45%
runnin'
45%
thought
44%
luck.
38%

Score Distribution

Percentile by Number Answered

Percent of People with Each Score

Your Score History

You have not taken this quiz since the last reset